| 000 | 00591nam a22002057a 4500 | ||
|---|---|---|---|
| 001 | 114348 | ||
| 003 | DR-UNIBE | ||
| 005 | 20260209093737.0 | ||
| 008 | 260129b1957 -cn||||| |||| 00| 0 eng d | ||
| 040 |
_aBIBLIOTECA UNIBE _cBIBLIOTECA UNIBE _erda |
||
| 041 | _aeng | ||
| 082 | _a530 M367p | ||
| 100 |
_aMarshall, John Stewart. _eautor _9201930 |
||
| 245 |
_aPhysics / _c John Stewart Marshall, Elton Roy Pounder |
||
| 260 |
_aMontreal : _bThe Macmillan Company, _c1957 |
||
| 300 | _a906 páginas | ||
| 650 |
_2lemb _aFísica |
||
| 700 |
_aPounder, Elton Roy _9202156 |
||
| 942 |
_2ddc _cBK |
||
| 999 |
_c114348 _d114348 |
||